| 000 | 00355 a2200145 4500 | ||
|---|---|---|---|
| 001 | 166987 | ||
| 020 | _a | ||
| 040 | _cMagnum | ||
| 100 | _aKohan, Walter Omar | ||
| 240 | 1 | 0 |
_aFilosofia para criancas: na pratica escolar - v.2 _lpor |
| 245 | 1 | 0 | _aFilosofia para criancas: na pratica escolar - v.2 |
| 362 | 0 | _a1899 | |
| 697 | _aFILOSOFIA | ||
| 942 | _cBK | ||
| 999 |
_c166987 _d166987 |
||